| 000 | 00494cam a22001817a 4500 | ||
|---|---|---|---|
| 001 | 001081 | ||
| 003 | armpunfd | ||
| 005 | 20140612090630.0 | ||
| 008 | 020226e0####xx#a##########000#0#und#d | ||
| 040 |
_aarmpunfd _carmpunfd |
||
| 080 | _a347.736 M 269 | ||
| 100 | 1 | 0 | _a Maffia, Osvaldo Jorge |
| 245 | 1 | 0 | _aDerecho concursal |
| 260 |
_a Uenos Aires : Depalma _b1993. Isbn : 950-14-0682-2. 633P. |
||
| 650 | 7 |
_a Derecho Concursal _2LEMB |
|
| 942 |
_cLB _2cdu |
||
| 945 |
_aCatalis _d2010-08-19 |
||
| 999 |
_c1072 _d231576 |
||